Measure, integral and probability
Сохранить в:
| Главные авторы: | , |
|---|---|
| Формат: | |
| Язык: | английский |
| Опубликовано: |
London, UK
Springer
2004
|
| Редактирование: | Second edition |
| Серии: | Springer Undergraduate Mathematics Series
|
| Предметы: | |
| Online-ссылка: | Disponible Online |
| Метки: |
Добавить метку
Нет меток, Требуется 1-ая метка записи!
|
MARC
| LEADER | 00000cam a2200000 a 4500 | ||
|---|---|---|---|
| 001 | UCF5181 | ||
| 003 | CL-VaPUC | ||
| 005 | 20210630001443.0 | ||
| 008 | 130123e20040000UK |||||||||||||||||eng|d | ||
| 999 | |c 350780 |d 350778 | ||
| 020 | |a 1852337818 | ||
| 040 | |c Pontificia Universidad Católica de Valparaíso | ||
| 082 | 0 | 4 | |a 515.42 CAP 2004 |2 21 |
| 100 | 0 | |a Capinski, Marek |e author |9 566973 | |
| 245 | 1 | 0 | |a Measure, integral and probability |
| 250 | |a Second edition | ||
| 260 | |a London, UK |b Springer |c 2004 | ||
| 300 | |a 311 páginas | ||
| 490 | 0 | |a Springer Undergraduate Mathematics Series | |
| 583 | |a last modification |c 20130123 11:39:00 |k Rodrigo Vera | ||
| 650 | 0 | |a Teoría de la medida |2 CL-VaPUC |9 260231 | |
| 650 | 0 | |a Integrales |9 260233 | |
| 650 | 0 | |a Teoría de probabilidades |9 336944 | |
| 650 | 0 | |a Ecuaciones integrales |9 270067 | |
| 700 | 0 | |a Kopp, Ekkehard |e author |9 566974 | |
| 856 | |u http://bibliografiadigital.pucv.cl.pucv.idm.oclc.org/index.php/bibliotecapucv/catalog/book/542 |y Disponible Online | ||
| 942 | |c BK |2 ddc | ||
| 945 | |d 20130123 00:00:00 |a cmena | ||
| 952 | |0 0 |1 0 |4 0 |6 515_420000000000000_CAP_2004 |7 0 |8 A |9 454491 |a BIBMAT |b BIBMAT |d 2019-11-22 |i 4948122 |l 4 |m 1 |o 515.42 CAP 2004 |p 4948122 |q 2025-05-30 |r 2025-04-30 |s 2025-04-30 |w 2019-11-22 |y BK |k MAT | ||
| 952 | |0 0 |1 0 |3 erb |4 0 |6 515_420000000000000_CAP_2004 |7 0 |8 A |9 454492 |a BIBMAT |b BIBMAT |i 537460K |l 6 |m 4 |o 515.42 CAP 2004 |p 537460K |q 2025-05-16 |r 2025-05-09 |s 2025-05-09 |w 2019-11-22 |y BK |z Catalogado en:20170428 |k MAT | ||
| 952 | |0 0 |1 0 |3 erb |4 0 |6 515_420000000000000_CAP_2004 |7 0 |8 A |9 454493 |a BIBMAT |b BIBMAT |i 5375584 |l 2 |m 3 |o 515.42 CAP 2004 |p 5375584 |q 2025-05-12 |r 2025-04-28 |s 2025-04-28 |w 2019-11-22 |y BK |z Catalogado en:20170512 |k MAT | ||